Sinónimos - Emociones - Estadísticas

Estadísticas generales
  • Esta prueba ha sido intentada 24 veces
  • La puntuación promedio es 10 de 16
Estadísticas de respuestas
Palabra Sinónimo % Correcto
Ilusión Anhelo, esperanza, deseo, confianza, fe.
100%
Alegría Contento, júbilo, regocijo, alborozo, euforia, alegranza, gozo, regodeo, felicidad.
100%
Miedo Temor, pavor, espanto, pánico, terror, horror, fobia, aprensión, susto.
90%
Pena Tristeza, pesadumbre, aflicción, pesar, dolor, amargura, encogimiento, pensión.
90%
Ira Furia, rabia, cólera, furor, enojo, indignación, irritación, vesania, cabreo.
86%
Nostalgia Añoranza, melancolía, pena, morriña, saudade, cabanga, melarchía, ansión.
67%
Amor Afecto, aprecio, estima, apego, afición, predilección, cariño, pasión, adoración.
62%
Euforia Alegría, entusiasmo, optimismo, satisfacción, vehemencia, ímpetu, ardor.
57%
Asco Repugnancia, repulsión, aversión, tirria, antipatía, desagrado, náusea, asquerosidad, hastío.
57%
Vergüenza Apuro, reparo, timidez, rubor, sofoco, sonrojo, corte, bochorno, pena.
52%
Orgullo Satisfacción, enorgullecimiento, vanidad, presunción, suficiencia, arrogancia, soberbia, altanería, altivez.
52%
Odio Aborrecimiento, aversión, animadversión, rencor, antipatía, ojeriza, desprecio, inquina, tirria.
43%
Calma Paz, tranquilidad, quietud, reposo, sosiego, placidez, parsimonia.
43%
Sorpresa Admiración, asombro, estupefacción, estupor, extrañeza, pasmo, perplejidad, desconcierto, sobresalto.
33%
Ansiedad Angustia, ansia, desasosiego, inquietud, intranquilidad, congoja, desazón, zozobra, preocupación.
33%
Frustración Decepción, desilusión, desengaño, desencanto, chasco, fiasco, fracaso, hundimiento.
14%
No se encontraron pruebas coincidentes
Distribución de puntuación
Porcentaje de gente con cada puntuación
Porcentaje por número respondido
Historial de tus puntuaciones
No has intentado esta prueba.